| 000 | 00995nam a2200229Ia 4500 | ||
|---|---|---|---|
| 999 |
_c6319 _d6319 |
||
| 003 | OSt | ||
| 005 | 20200413165630.0 | ||
| 008 | 191128s2013 ck gr 000 0 spa d | ||
| 020 | _a9789588745596 | ||
| 040 |
_aCO-JMCR _cCO-JMCR |
||
| 041 | 0 | _aspa | |
| 082 | 0 | 4 |
_a323.3273 / _bP259d _223 |
| 100 | 1 |
_aParra Dussan, Carlos, _eautor _92983 |
|
| 245 | 1 | 0 |
_aDesarrollo normativo de la convención sobre los derechos de las personas con discapacidad en Colombia / _cCarlos Parra Dussan |
| 250 | _aPrimera edición | ||
| 260 |
_aBogotá : _bUniversidad Sergio Arboleda, _c2013 |
||
| 300 |
_a141 páginas ; _c24 cm. |
||
| 505 | 0 | _aModelo de discapacidad en nuestro Estado Social de Derecho -- Política de discapacidad en el Plan Nacional de Desarrollo -- Desarrollo normativo en Colombia de la convención sobre los derechos de las personas con discapacidad | |
| 650 | 1 | 4 |
_aPersonas con diacapácidades _xaspecto juridico _zColombia _92984 |
| 650 | 2 | 4 |
_aAsistencia social _92985 |
| 942 |
_2ddc _cBK |
||